| 000 | 01457 a2200217 4500 | ||
|---|---|---|---|
| 001 | 47478 | ||
| 005 | 20260407155741.0 | ||
| 008 | 260407a1976 arg spa d | ||
| 003 | AR-UNSa-BCEJYS | ||
| 040 |
_aAR-UNSa-BCEJYS _bspa _cAR-UNSa-BCEJYS |
||
| 080 |
_a330.567.2 _xGastos. Consumo. Ahorro. Economía de los particulares |
||
| 245 | 1 | 0 | _aLa teoría del consumo |
| 020 | _a84-206-2163-3 | ||
| 264 | 1 |
_aMadrid : _bAlianza Editorial _c1976 |
|
| 300 |
_a368 p. _c20 cm. |
||
| 505 | _a1. Introducción -- Primera Parte: CONCEPTOS FUNDAMENTALE: 2. El consumidor racional - 3. Las preferencias del consumidor - 4. Funciones de demanda - 5. Efectos de los cambios de precio -- Segunda Parte: DE LA UTILIDAD: 6. Utilidad y preferencia - 7. Utilidad y elección - 8. Dos enfoques alternativos -- Tercera Parte: DE LA TEORÍA PURA A LA TEORÍA APLICADA: 9. Medición de las funciones de demanda - 10. Bienes relacionados y características -- Cuarta Parte: EL TIEMPO: 11. Problemas a corto plazo - 12. Problemas a largo plazo -- Quinta Parte: LA INCERTIDUMBRE: 13. Incertidumbre y utilidad - 14. La incertidumbre y el consumidor - 15. La teoría de la preferencia de situación -- Sexta Parte: LA SOCIEDAD: 16. Consumo y bienestar - 17. Conclusión. | ||
| 942 | _cBK | ||
| 590 | _aniveau_biblio:m niveau_hierar:0 | ||
| 100 | 1 | _aGreen, H.A. John | |
| 856 | 4 | 1 |
_uhttps://www.biblioeco.unsa.edu.ar/pmb/images/libros/L127518.jpg _yImagen de portada _qimage/jpeg |
| 999 |
_c4375 _d4375 |
||